Realizácia obnovy NKP synagógy v meste Šaštín-Stráže

Uložené v:
Podrobná bibliografia
Hlavný autor: Hladík, Juraj (Autor)
Ďalší autori: Makýš, Oto (Vedúci práce)
Médium: Rukopis Kniha
Jazyk:Slovak
Vydavateľské údaje: 2025
Predmet:
On-line prístup:http://is.stuba.sk/zp/portal_zp.pl?podrobnosti=181993
CRZP
Tagy: Pridať tag
Žiadne tagy, Buďte prvý, kto otaguje tento záznam!

MARC

LEADER 00000ntm a22000003a 4500
001 stuzp103048
003 SK-STU
005 20250724105135.5
007 ta
008 150427s2015----xo-----f-mn---000-0-slo-d
040 |a STU  |b slo 
041 0 |a slo 
100 1 |a Hladík, Juraj  |u 010270  |4 aut  |U SvF Stavebná fakulta  |T SvF Katedra technológie stavieb  |X 93061  |U V270  |Y 28  |7 93061 
242 0 1 |a Realising of Renovation of an Architectural Heritage Building of a Synagogue in the Town of Šaštín-Straže  |y eng 
245 1 0 |a Realizácia obnovy NKP synagógy v meste Šaštín-Stráže 
260 |c 2025 
650 4 |a roof and ceiling reconstruction  |2 eng 
650 4 |a restoration of cultural heritage  |2 eng 
650 4 |a Šaštín-Stráže  |2 eng 
650 4 |a moisture remediation  |2 eng 
650 4 |a Jewish synagogue  |2 eng 
650 4 |a rekonštrukcia strechy a stropu  |2 slo 
650 4 |a sanácia vlhkosti  |2 slo 
650 4 |a obnova kultúrnej pamiatky  |2 slo 
650 4 |a Šaštín-Stráže  |2 slo 
650 4 |a židovská synagóga  |2 slo 
700 1 |a Makýš, Oto  |u 010270  |k Z1  |4 ths  |U SvF Stavebná fakulta  |T SvF Katedra technológie stavieb  |X 832  |U V270  |Y 28  |7 A000000832 
856 4 |u http://is.stuba.sk/zp/portal_zp.pl?podrobnosti=181993 
856 4 |u https://opac.crzp.sk/?fn=detailBiblioForm&sid=71F69C32541FA5093B6E7EB0024D  |z CRZP